000 00317nam a2200133Ia 4500
008 230917s9999||||xx |||||||||||||| ||und||
040 _e157796
_aMAIN
041 _aEnglish
082 _a970 H782H
245 0 _aHarizon. 1 (2); 1958
260 _aNew York
_bAmerican Horizon
_c1958
300 _a117 p.
942 _cBK
999 _c233107
_d233107